000 00490nam a2200181Ia 4500
999 _c27790
_d27790
003 OSt
005 20201127161401.0
008 190216s9999||||xx |||||||||||||| ||und||
020 _a8171804438
040 _coclc
082 _a920
_bVIS/S
100 _aViswam, Binoy
_96746
245 0 _aSakhavu Balaram /
_cBinoy Viswam
260 _bPoorna Publication,
_aKozhikode;
_c1995.
300 _a191p
650 _aOormakurip
942 _cBK
_2ddc
_h920
_iVIS/S
_k920
_mVIS/S